Effectifs des équipes de Premier League 2023/24 - Statistiques

Statistiques générales
  • Ce quiz a été pris 158 fois
  • Le résultat moyen est 136 sur 484
Statistiques - réponses
Hint Réponse % Correct
G Sa
94%
G Raya
89%
D Saliba
88%
G Ramsdale
87%
D Gabriel
82%
A Saka
82%
G Ederson
80%
M Gibbs-White
80%
A Jesus
80%
D White
80%
A Haaland
79%
D | G Martinez
78%
M Odegaard
78%
M De Bruyne
77%
M Rice
77%
D | M Silva
77%
G Alisson
76%
D Van de Ven
76%
A Martinelli
75%
A Salah
75%
G | M Onana
73%
M Palmer
72%
D Alexander-Arnold
71%
D Dias
71%
A Jackson
71%
D Robertson
71%
D Van Dijk
71%
D Walker
71%
A | M Alvarez
70%
A Nunez
70%
M Partey
69%
M Son
69%
D Stones
69%
G Pickford
68%
M Rodri
68%
M Fernandez
67%
D Zinchenko
67%
M Mac Allister
66%
G Sanchez
66%
A Watkins
66%
A Havertz
65%
M Foden
64%
A Gakpo
64%
D James
64%
D Konaté
64%
M Caicedo
63%
G Ortega
63%
D Tomiyasu
63%
A Diaz
62%
D Disasi
62%
A Trossard
62%
M Fernandes
61%
M Lewis
61%
D Maguire
61%
D Aké
60%
M Grealish
60%
D Digne
59%
A Elliott
59%
A Sterling
59%
M Akanji
58%
D Badiashile
58%
M Eze
58%
D | M Gomez
58%
A Hojlund
58%
A Isak
58%
M Jones
58%
A Jota
58%
M Olise
58%
G Pope
58%
M Cucurella
57%
D Gvardiol
57%
M Paqueta
57%
A Rashford
57%
G Areola
56%
M Jorginho
56%
M Mitoma
56%
A Mateta
55%
D Gusto
54%
G Henderson
54%
A Richarlison
54%
D Varane
54%
D Shaw
53%
D Dalot
52%
M Doku
52%
M Endo
52%
M Guimaraes
52%
A Nketiah
52%
G Vicario
52%
A | D Fofana
51%
M Garnacho
51%
G | M Neto
51%
D Trippier
51%
D Tsimikas
51%
A Solanke
50%
D Timber
50%
A Gordon
49%
M Kovacic
48%
D Matip
48%
M Maddison
47%
D Kiwior
46%
A | M Wilson
46%
M Bissouma
45%
M Casemiro
45%
A Diaby
45%
M Gravenberch
45%
G Kelleher
45%
D Konsa
45%
M Nunes
45%
A Madueke
44%
D Wan-Bissaka
44%
M Kamara
43%
D Porro
43%
D Romero
43%
M Sarr
43%
M Szoboszlai
43%
A Toney
43%
D Botman
42%
A Bowen
42%
D Burn
42%
A Calvert-Lewin
42%
D Dunk
42%
A Mbeumo
42%
M McGinn
42%
A Mudryk
42%
M Nkunku
42%
G Petrovic
42%
M Mainoo
41%
A Pedro
41%
D Schär
41%
D Smith
41%
A Traore
41%
M Traoré
41%
M Chilwell
40%
G Leno
40%
M Milner
40%
A Nelson
40%
A Wissa
40%
A Antonio
39%
M Mount
38%
M Smith-Rowe
38%
A Wood
38%
M Bailey
37%
D Colwill
37%
M Doucouré
37%
D Udogie
37%
D Bradley
36%
G Dubravka
36%
D Lindelöf
36%
D Torres
36%
A Welbeck
36%
M Bob
35%
G Flekken
35%
M Luiz
35%
M Tielemans
35%
M Tonali
35%
A Barnes
34%
D | M Gomes
34%
M Gueye
34%
D Mings
34%
M Antony
33%
D Chalobah
33%
A Jimenez
33%
M Joelinton
33%
M Lavia
33%
D Robinson
33%
M Soucek
33%
D Zouma
33%
M Diallo
32%
M Elanga
32%
D Emerson
32%
D Guéhi
32%
M Kulusevski
32%
D | M Johnson
31%
D Moreno
31%
D Quansah
31%
M Barkley
30%
M Eriksen
30%
G Fabianski
30%
D Keane
30%
A Martial
30%
D Cash
29%
A Duran
29%
M Fati
29%
M Kudus
29%
M Phillips
29%
M Coleman
28%
M Kluivert
28%
G Steele
28%
D Coufal
27%
A Cunha
27%
D Aït-Nouri
26%
D | M Davies
26%
D Evans
26%
A Gross
26%
D Hall
26%
M McTominay
26%
D Norrington-Davies
26%
G Sels
26%
G Verbruggen
26%
D Andersen
25%
A Ayew
25%
M Baleba
25%
D Estupinan
25%
M Gallagher
25%
M Gil
25%
D Kerkez
25%
D Lascelles
25%
D Livramento
25%
G Olsen
25%
M Ramsey
25%
G Trafford
25%
G Turner
25%
M Vieira
25%
A Werner
25%
A Almiron
24%
M Ouattara
24%
D Ward
24%
M Ward-Prowse
24%
M Bentancur
23%
A Beto
23%
M Lamptey
23%
D Norgaard
23%
M Williams
23%
D Carlos
22%
D Diop
22%
A Maupay
22%
D Mitchell
22%
D Murillo
22%
A Murphy
22%
M Ugochukwu
22%
M Veltman
22%
M Anderson
21%
M Berge
21%
A Broja
21%
M Elneny
21%
M Iwobi
21%
M Lallana
21%
D Mykolenko
21%
M Rodgers
21%
M Tavernier
21%
M Edouard
20%
M Longstaff
20%
M Semenyo
20%
D Tete
20%
M Cook
19%
D Henry
19%
M Pereira
19%
D Semedo
19%
M Thiago Alcantara
19%
D Young
19%
D Zabarnyi
19%
M Adingra
18%
M Bellegarde
18%
M Damsgaard
18%
G Hein
18%
D Pinnock
18%
M Adams
17%
D Bassey
17%
M Cairney
17%
A Ings
17%
D Kilman
17%
D Mee
17%
M Miley
17%
D Senesi
17%
M Willock
17%
D Aina
16%
D Ajer
16%
D Boly
16%
M Chukwuemeka
16%
D Clyne
16%
D Collins
16%
M Enciso
16%
M Gilmour
16%
D Lenglet
16%
M McNeil
16%
M Origi
16%
A Rodriguez
16%
D Tarkowski
16%
D Van Hecke
16%
D Branthwaite
15%
M Christie
15%
G Heaton
15%
M Hudson-Odoi
15%
A Hwang Hee-Chan
15%
D Mavropanos
15%
A Morris
15%
M Munoz
15%
M Palhinha
15%
D Soares
15%
M Willian
15%
D Aarons
14%
D Aguerd
14%
G Muric
14%
M Sangaré
14%
M Sinisterra
14%
D Adarabioyo
13%
D Castagne
13%
A Doak
13%
M Harrison
13%
M Jensen
13%
M Lemina
13%
A Odobert
13%
D Reguilon
13%
M Scott
13%
D Targett
13%
A Adebayo
12%
A Anthony
12%
M Billing
12%
M Chong
12%
M Clark
12%
D Doherty
12%
M Hojbjerg
12%
M Lewis-Potter
12%
A McBurnie
12%
M Amrabat
11%
D Assignon
11%
D Cresswell
11%
D Estève
11%
M Kaboré
11%
D Kelly
11%
M March
11%
A Muniz
11%
M Onyeka
11%
M Reed
11%
A Sarabia
11%
D Webster
11%
M Bruun Larsen
10%
D Bueno
10%
M Cornet
10%
M Faivre
10%
M Foster
10%
M Janelt
10%
D Niakhaté
10%
D Ogbonna
10%
M Reid
10%
M Sambi Lokonga
10%
M Schlupp
10%
G Strakosha
10%
G Travers
10%
G Vlachodimos
10%
M Brooks
9%
M Cullen
9%
M Danilo
9%
D Godfrey
9%
D Holgate
9%
D Lerma
9%
D Ream
9%
D Richards
9%
G Bentley
8%
D Chambers
8%
A Danns
8%
M Dasilva
8%
M Doyle
8%
G Foderingham
8%
D Hill
8%
M Hughes
8%
G Johnstone
8%
G Krul
8%
M Lukic
8%
M Solomon
8%
D Tavares
8%
A Ünal
8%
M Yates
8%
M Zaniolo
8%
A Amdouni
7%
A Archer
7%
A Awoniyi
7%
M Casadei
7%
D Dawson
7%
D Dragusin
7%
M Garner
7%
M Gudmundsson
7%
M Hinshelwood
7%
G Karius
7%
M Lo Celso
7%
M Osho
7%
D Patterson
7%
M Skipp
7%
D Basham
6%
G Grbic
6%
M Moder
6%
D Taylor
6%
A Brewster
5%
M Buonanotte
5%
D Dummet
5%
M Ghoddos
5%
M Hickey
5%
M Kouyaté
5%
D Krafth
5%
M McAtee
5%
M Nakamba
5%
G Radu
5%
G Rodak
5%
A Schade
5%
M Trésor
5%
D Vitinho
5%
M Baptiste
4%
D Barco
4%
M Bogle
4%
M Brown
4%
D Kambwala
4%
M Massengo
4%
M Ogbene
4%
D O'Shea
4%
M Ritchie
4%
M Roerslev
4%
D Al-Dakhil
3%
M Baldock
3%
D Ballo-Touré
3%
D Beyer
3%
M Danjuma
3%
M Doughty
3%
D egan
3%
D Gilchrist
3%
D Julio
3%
G Kaminsky
3%
D Lowe
3%
M Montiel
3%
M Mpanzu
3%
A Osula
3%
M Riedewald
3%
A Scarlett
3%
D Toffolo
3%
A Townsend
3%
M Warton
3%
D Ahmedhodzic
2%
A Brereton
2%
M Brownhill
2%
M Cork
2%
D Delcroix
2%
M Dominguez
2%
D Ekdal
2%
D Felipe
2%
M Larouci
2%
M Manuel
2%
M McConnell
2%
D Mepham
2%
M Reyna
2%
M Vinicius Souza
2%
G Virginia
2%
M Berry
1%
A Chermiti
1%
M Dobbin
1%
M Hamer
1%
D Lockyer
1%
D Mengi
1%
A Mubama
1%
M Osborn
1%
A Redmond
1%
D Trusty
1%
M Arblaster
0%
M Bells
0%
M Ben Slimane
0%
D Burke
0%
M Chirewa
0%
M Forson
0%
M França
0%
M Hashioka
0%
M Iroegbunam
0%
M Koleosho
0%
D Omobamidele
0%
D Onyedinma
0%
M Ozoh
0%
M Rak-Sayki
0%
A Woddrow
0%
M Yarmoliuk
0%
Aucun quiz correspondant
Distribution des résultats
% des personnes avec chaque résultat
Percentile par nombre de réponses
Votre historique - résultats
Vous n’avez pas pris ce quiz